| 000 | 00673cam a2200193 a 4500 | ||
|---|---|---|---|
| 001 | 000002539 | ||
| 005 | 20200929150217.0 | ||
| 008 | 980624s1989 cu 001 0 spa d | ||
| 040 |
_aDO-SdBNP _bspa _cBNPHU |
||
| 082 |
_a791.447 _bL864g |
||
| 100 | 1 |
_aLópez Alvarez, Roberto. _97980 |
|
| 245 | 1 | 3 |
_aEl guión en emisiones informativas / _cRoberto López Alvarez; edición de Fermín Romero Alfau. |
| 260 |
_aLa Habana : _bPablo de la Torriente, _c1989. |
||
| 300 |
_a91 p. ; _c20 cm. |
||
| 490 | 1 |
_aTécnicas de periodismo _vno. 25 |
|
| 650 | 4 |
_aGuiones radiofónicos _97981 |
|
| 700 | 1 |
_aRomero Fermín, Alfau, _eed. _97982 |
|
| 830 | 0 |
_aTécnicas de periodismo; _vno. 25 _97983 |
|
| 999 |
_c2375 _d2375 |
||